03077nam a2200397 i 450000100090000000300050000900500170001400800410003101000170007202000310008903500130012004000290013304200080016205000230017008200240019324500900021725000200030726300090032726400480033630000290038433600260041333700280043933800270046749000320049450000200052650507480054652009690129465000690226365000520233270000300238470000290241490600450244394200470248895201270253599900170266221684481CSPC20260319103840.0200819s2020 nyu 001 0 eng  a 2020944540 a9780198831815q(paperback) a21684481 aDLCbengerdacDLCdCSPC apcc00aRC735.5b.O94 202104222a616.20231bOx2200aOxford handbook of respiratory nursing /cedited by Terry Robinson and Jane Scullion. aSecond edition. a2011 1aNew York :bOxford University Press,c2021. axiv, 633 pages ;c18 cm. atextbtxt2rdacontent aunmediatedbn2rdamedia avolumebnc2rdacarrier0 aOxford handbooks in nursing aIncludes index.0 aIntroduction -- Why work in respiratory nursing? -- Anatomy and physiology -- Respiratory assessment -- Respiratory investigations -- Acute respiratory distress syndrome (ARDS) -- Asthma and allergies -- Bronchiectasis -- Chronic obstructive pulmonary disease (COPD) -- Cystic fibrosis -- Interstitial lung disease (ILD) -- Lung cancer and mesothelioma -- Obstructive sleep apnoea -- Oxygen therapy -- Pharmacology -- Pleural effusion -- Pneumonia -- Pneumothorax -- Pulmonary embolism -- Pulmonary hypertension -- Non-invasive ventilation (NIV) -- Tuberculosis (TB) -- Palliative care -- Pulmonary rehabilitation -- Smoking and public health -- Sex, sexuality, and breathlessness -- The multidisciplinary team -- Flying, altitude, and diving. a"Respiratory disease is one of the leading causes of both mortality and morbidity, causing a significant burden on healthcare resources, the economy, and on individual patients and their carers. Respiratory conditions are managed in many different settings, from home and residential care through the full range of primary to tertiary care. The multifaceted nature of both diseases affecting respiration and the care options is comprehensively covered in this second edition of the Oxford Handbook of Respiratory Nursing. Offering a systematic description of the main respiratory diseases found in adults, the Handbook covers the assessment, diagnosis, and nursing management of each condition. With a special focus on the role of the multidisciplinary team in meeting the multiple care needs of respiratory patients, the Handbook covers both physical and psychosocial concerns, and both pharmacological and non-pharmacological therapies"--cProvided by publisher. 0aRespiratory organsvHandbooks, manuals, etc.xDiseasesxNursing. 2aRespiratory Tract DiseasesvHandbooksxNursing.1 aRobinson, Terry,eeditor.1 aScullion, Jane,eeditor. a0bibccorignewd2eepcnf20gy-gencatlg 2ddcn0cBKe22h616.20231iOx22kNURm2021 00102ddc4070aCSPCbCSPCcNURd2026-03-18l0oNUR 616.20231 Ox22 2021p031583r2026-03-18 14:46:24t1-1w2026-03-18yBK c32099d32099